000 00520nmm a2200181Ia 4500
008 251105s9999||||xx |||||||||||||||||und||
020 _a9788433926401
041 _aspa
100 _aHomes, A. M.
245 0 _aEn un país de madres
264 _a[Madrid, España] :
_bEditorial Anagrama,
_c[Fecha de publicación no identificada]
300 _a0 páginas
490 _aCompactos
700 _aHomes, A. M.
700 1 _a Gubern, Jordi
856 _uhttps://public.digitaliapublishing.com/a/161785
942 _cCF
999 _c66965
_d66965